00000000nam##2200000za#4500
0019.557674
003CaOODSP
00520210624172016
007cr |||||||||||
008150406|2001||||xxc|||||o    f|0| 0 eng|d
040 |aCaOODSP|beng
043 |an-cn---
0861 |aNH18-22/96-201E-IN
1102 |aCanada Mortgage and Housing Corporation.
24510|aHousing needs of the environmentally hypersensitive socio-economic /health factors |h[electronic resource]
260 |aOttawa - Ontario : |bCanada Mortgage and Housing Corporation
300 |a4p. (62 KB)
4901 |aResearch and development highlights; technical series |v96-201
590 |a01-12|b2001-03-23
69007|aAir quality|2gcpds
69007|aEnvironment|2gcpds
69007|aHousing|2gcpds
77508|tBesoins en matière de logement des personnes hypersensibles aux polluants environnementaux Facteurs socio-économiques et sanitaires / |w(CaOODSP)9.607652
830#0|aResearch and development highlights; technical series ;|v96-201|w(CaOODSP)9.504481
85640|ahttp://publications.gc.ca|qPDF|s62 KB|uhttps://publications.gc.ca/collections/Collection/NH18-22-96-201E.pdf|y96-201